书目信息 |
| 题名: |
矢量分析与场论学习指导书
|
|
| 作者: | 谢树艺 编 | |
| 分册: | ||
| 出版信息: | 北京 人民教育出版社 1982 |
|
| 页数: | 60页 | |
| 开本: | 20cm | |
| 丛书名: | ||
| 单 册: | ||
| 中图分类: | O183.1 | |
| 科图分类: | ||
| 主题词: | 几何 , 拓扑 | |
| 电子资源: | ||
| ISBN: | ||
| 000 | 00590nam0 2200217 450 | |
| 001 | 0652811473 | |
| 005 | 20060814171227.04 | |
| 010 | @dCNY0.29 | |
| 100 | @a20060327d1982 km y0chiy0120 ea | |
| 101 | 0 | @achi |
| 102 | @aCN@b110000 | |
| 200 | 1 | @a矢量分析与场论学习指导书@Ashi liang fen xi yu chang lun xue xi zhi dao shu@f谢树艺编@Fxie shu yi bian |
| 210 | @a北京@c人民教育出版社@d1982 | |
| 215 | 1 | @a60页@d20cm |
| 300 | @a工程数学 | |
| 606 | 0 | @a几何 |
| 606 | 0 | @a拓扑 |
| 690 | @aO183.1@v4 | |
| 701 | 0 | @a谢树艺@Axie shu yi@4编 |
| 801 | 0 | @aCN@bPFT@c20060814 |
| 905 | @a10447@dO183.1@e2 | |
| 矢量分析与场论学习指导书/谢树艺编.-北京:人民教育出版社,1982 |
| 60页;20cm |
| 工程数学 |
| ISBN :CNY0.29 |
| ● |
| 相关链接 |
|
|
|
|
正题名:矢量分析与场论学习指导书
索取号:O183.1/2
 
预约/预借
| 序号 | 登录号 | 条形码 | 馆藏地/架位号 | 状态 | 备注 |
| 1 | 0106980 | 202237409 | 密集书库/ [索取号:O183.1/2] | 在馆 | |
| 2 | 0106981 | 202237374 | 密集书库/ [索取号:O183.1/2] | 在馆 | |
| 3 | 0106982 | 202237392 | 密集书库/ [索取号:O183.1/2] | 在馆 | |
| 4 | 0106983 | 202211622 | 密集书库/ [索取号:O183.1/2] | 在馆 | |
| 5 | 0106984 | 202237383 | 密集书库/ [索取号:O183.1/2] | 在馆 | |
| 6 | 0109247 | 202211775 | 密集书库/ [索取号:O183.1/2] | 在馆 | |
| 7 | 0109248 | 202211739 | 密集书库/ [索取号:O183.1/2] | 在馆 | |
| 8 | 0109249 | 202211695 | 密集书库/ [索取号:O183.1/2] | 在馆 | |
| 9 | 0109250 | 202211659 | 密集书库/ [索取号:O183.1/2] | 在馆 | |
| 10 | 0109251 | 202211613 | 密集书库/ [索取号:O183.1/2] | 在馆 | |
| 11 | 0442472 | 204424729 | 密集书库/ [索取号:O183.1/2] | 在馆 | |
| 12 | 0458299 | 204582996 | 密集书库/ [索取号:O183.1/2] | 在馆 | |
| 13 | 0458300 | 204583003 | 密集书库/ [索取号:O183.1/2] | 在馆 | |
| 14 | 0458301 | 204583012 | 密集书库/ [索取号:O183.1/2] | 在馆 | |
| 15 | 0458302 | 204583021 | 密集书库/ [索取号:O183.1/2] | 在馆 | |
| 16 | 0458303 | 204583030 | 密集书库/ [索取号:O183.1/2] | 在馆 |